Themed General Knowledge Questions #22 - Statistics

General Stats
  • This quiz has been taken 45 times
  • The average score is 6 of 10
Answer Stats
Question Answer % Correct
What notable invention did Alexander Graham Bell make? Telephone
100%
What book had a place named Lilliput? Gulliver's Travels
88%
The Ring of Fire is mainly situated around which ocean? Pacific Ocean
86%
How often does the Halley's Comet pass Earth? Every 76 years
70%
What does the Pythagoras theorem find? Missing triangle sides
65%
What element is ozone made out of? Oxygen
63%
What city did God tell Jonah to go to? Nineveh
60%
What were violin strings first made from? Sheep intestines
42%
Which of these is not a berry (biologically)? Raspberries
19%
What animal has the best sense of smell? Elephants
9%
No matching quizzes found
Score Distribution
Percent of People with Each Score
Percentile by Number Answered
Your Score History
You have not taken this quiz